000 01153nam a2200337 a 4500
001 000114452
003 CHAP
005 20220329144442.0
008 180130s1988 mx |r| |||0|||spa d
010 _a110913
011 _a111885
020 _a9688044458
040 _cCHAP
082 0 4 _a378.72
_bC71
111 2 _aColoquio Ciencia, Ideología y Educación
_d(1986:
_cMéxico)
_9134515
245 1 0 _aCiencia, ideología y educación /
_ccoordinado por Guadalupe Ramírez Mendoza y Yolanda Juárez Hernández.
260 _aMéxico :
_bUniversidad Pedagogica Nacional,
_c1988.
300 _a140 p.
490 1 _aCuadernos de cultura pedagógica. Coloquios
590 _aE11695DGD
_b10
_c20180201
_lUCH01
_h0859
590 _aE6096MTM
_b05
_c20180130
_lUCH01
_h1355
650 1 4 _aDesarrollo pesquero.
_932064
650 1 4 _aEducacion superior
_zMéxico.
_935406
650 1 4 _aIntegración social
_zMéxico.
_9133066
700 1 _aJuárez Hernández, Yolanda
_e, coord.
_9134511
700 1 _aRamírez Mendoza, Guadalupe
_e, coord.
_9134510
830 0 _aCuadernos de cultura pedagógica
_9175643
901 _aBK
942 _cLIBRO
942 _n0
999 _c110913
_d110913